[Event "DEN-ch Seniors 65"]
[Site "Aalborg"]
[Date "2022.02.24"]
[Round "5"]
[White "Pilgaard, Johannes"]
[Black "Harders, Poul Erik"]
[Result "1-0"]
[WhiteElo "1722"]
[BlackElo "1530"]
[PlyCount "55"]
[EventDate "2022.02.20"]
[EventType "swiss"]
[EventRounds "7"]
[EventCountry "DEN"]
[SourceTitle "EXT 2024"]
[Source "ChessBase"]
[SourceDate "2023.10.10"]
[SourceVersion "1"]
[SourceVersionDate "2023.10.10"]
[SourceQuality "1"]

1. e4 c5 2. d4 cxd4 3. c3 dxc3 4. Nxc3 Nc6 5. Bc4 e6 6. Nf3 a6 7. 0-0 Qc7 8. Qe2 Bd6 9. Rd1 Nge7 10. Bg5 Ng6 11. Rac1 0-0 12. g3 h6 13. Be3 Nge5 14. Nxe5 Bxe5 15. f4 Bxc3 16. Rxc3 b5 17. Bb3 Qb7 18. Bc5 Re8 19. e5 a5 20. Bc2 b4 21. Rf3 d5 22. exd6 Qd7 23. Ba4 Bb7 24. Qe4 Rac8 25. Bb6 Nd8 26. Bxd7 Bxe4 27. Bxc8 Bxf3 28. Rc1 1-0

[Event "DEN-ch Seniors 65"]
[Site "Logumkloster"]
[Date "2020.02.14"]
[Round "6"]
[White "Pilgaard, Johannes"]
[Black "Nielsen, Aage Sondergaard"]
[Result "1-0"]
[WhiteElo "1487"]
[BlackElo "1888"]
[PlyCount "45"]
[EventDate "2020.02.09"]
[EventType "swiss"]
[EventRounds "7"]
[EventCountry "DEN"]
[SourceTitle "EXT 2021"]
[Source "ChessBase"]
[SourceDate "2020.10.23"]
[SourceVersion "1"]
[SourceVersionDate "2020.10.23"]
[SourceQuality "1"]

1. e4 e5 2. Nc3 Bc5 3. f4 d6 4. Nf3 Nc6 5. Bb5 Nf6 6. fxe5 dxe5 7. d3 a6 8. Bxc6+ bxc6 9. Qe2 Qe7 10. Be3 Ng4 11. Bxc5 Qxc5 12. h3 Nf6 13. Qf2 Qe7 14. Qg3 0-0 15. Qxe5 Qb4 16. Rb1 Qb6 17. Qd4 c5 18. Qe3 Bb7 19. 0-0 Nd7 20. Kh1 Qa5 21. Qg5 f6 22. Qf5 Bc8 23. Qd5+ 1-0

[Event "DEN-ch Seniors 65"]
[Site "Logumkloster"]
[Date "2020.02.11"]
[Round "3"]
[White "Cordes, Steffen"]
[Black "Pilgaard, Johannes"]
[Result "1/2-1/2"]
[WhiteElo "1928"]
[BlackElo "1487"]
[PlyCount "62"]
[EventDate "2020.02.09"]
[EventType "swiss"]
[EventRounds "7"]
[EventCountry "DEN"]
[SourceTitle "EXT 2021"]
[Source "ChessBase"]
[SourceDate "2020.10.23"]
[SourceVersion "1"]
[SourceVersionDate "2020.10.23"]
[SourceQuality "1"]

1. e4 e6 2. d4 d5 3. Nd2 dxe4 4. Nxe4 Nd7 5. Nf3 Ngf6 6. Bg5 Be7 7. Bxf6 Nxf6 8. Nxf6+ Bxf6 9. Bd3 0-0 10. 0-0 b6 11. Be4 Rb8 12. Qd3 g6 13. Rfd1 Bb7 14. Bxb7 Rxb7 15. Qa6 Qa8 16. Ne5 c5 17. Qe2 Qb8 18. Qf3 Bxe5 19. dxe5 Re7 20. Qf6 Qc7 21. Rd6 Rd7 22. Rad1 Rfd8 23. Qxd8+ Qxd8 24. Rxd7 Qg5 25. Re1 a5 26. g3 Qf5 27. Re2 Qf3 28. Rdd2 b5 29. Re3 Qb7 30. Red3 Qe4 31. f4 Qe1+ 1/2-1/2